000 01066pam a2200277 a 4500
001 4343625
003 NUST-PNEC
005 20170116180705.0
008 890523s1990 njua b 001 0 eng
010 _a 89008713
020 _a0138557764
040 _aDLC
_cPNEC
050 0 0 _aTK7878.4
_b.W65 1990
082 0 0 _a621.38154 WOL
_220
100 1 _aWolf, Stanley,
_d1943-
245 1 0 _aStudent reference manual for electronic instrumentation laboratories /
_cStanley Wolf, Richard F.M. Smith.
260 _aEnglewood Cliffs, N.J. :
_bPrentice-Hall,
_cc1990.
300 _axii, 547 p. :
_bill. ;
_c24 cm.
500 _aIncludes Index http://www.amazon.com/Student-Reference-Electronic-Instrumentation-Laboratories/dp/0138557764/ref=sr_1_1?s=books&ie=UTF8&qid=1411190161&sr=1-1&keywords=0138557764
504 _aIncludes bibliographical references and index.
650 0 _aElectronic instruments.
650 0 _aElectronic measurements.
_xEL
700 1 _aSmith, Richard F. M.,
_d1936-
906 _a7
_bcbc
_corignew
_d1
_eocip
_f19
_gy-gencatlg
942 _2ddc
_cBK
999 _c60690
_d60690